LDR 00873naa#a2200181#i#450# 001 RU\\bibl\126435 005 20260630001504.2 011 ## _a2223-9987 100 ## _a20260629b2026####ek#y0rusy0150####ca 102 ## _aRU 200 1# _aАлгоритм вычисления минимальных кодовых расстояний CRC как блочного кода _eЖурнальная статья 210 1# _aСанкт-Петербург _cФГБОУ ВО "Петербургский государственный университет путей сообщения Императора Александра I" _d2026 215 ## _a10 с. 608 ## _aЖурнальная статья _2local 675 ## _aАлгоритмы. 004.021 _z 700 #1 _aБлюдов _gАнтон Александрович 700 #1 _aПронин _gГеоргий Юрьевич 856 4# _aatjournal.ru _u